00558 2200217 4500001002100000005001500021035002000036007000300056008004100059020002200100082000800122084001400130100002200144245006000166250001100226260003600237300002800273990001300301990001300314990001300327INLIS00000000000835320251217113152 a0010-0322000372ta251217 g 0 ind  a978-602-391-970-3 a297 a297 NUR e0 aNur Khalik Ridwan1 aENSIKLOPEDIA :bKHITTAH NU JILID 4 /cNur Khalik Ridwan acet. 1 aYogyakarta :bDIVA Press,c2020 a654 hlm ;c15.5 x 24 cm a022.7552 a022.7550 a022.7551